000 00454cam a2200181ua 4500
020 _c33.75
041 _aeng
_h
082 _a547.2
_bGRO/UN
100 _aGroggins, P H .
245 _aUnit processes in organic synthesis /
_cP H Groggins.
_hTextual Documents
250 _a5 /
_b.
260 _aNew York :
_bMcGraw Hill Book Company ,
_c1958.
300 _a1070 ; .
365 _a33.75
504 _a
942 _cBK
999 _c3200
_d3200